| 000 | 00630nam a22001937a 4500 | ||
|---|---|---|---|
| 999 |
_c331612 _d331612 |
||
| 003 | NUST | ||
| 005 | 20171006101429.0 | ||
| 008 | 151013b xxu||||| |||| 00| 0 eng d | ||
| 040 | _cNUST | ||
| 082 |
_a920.72 _bNAJ |
||
| 100 |
_915051 _aNajmi, Safdar Ali |
||
| 245 |
_aMadir e millat, Muhtarma Fatima Jinnah : shahsiat aor afkar _cSafdar Ali Najmi |
||
| 250 | _a- | ||
| 260 |
_c2003 _aKarachi, _bUniversal publishers: |
||
| 300 | _a160 p. | ||
| 546 | _aIn Urdu | ||
| 650 |
_91756 _aBiography- Fatima Jinnah _xGeneral |
||
| 880 |
_6100-01\(3\r _aصفدر علی نجمی |
||
| 880 |
_6245-02\(3\r _aمادر ملت محترمہ فاطمہ جناح شخصیت اور افکار _cصفدر علی نجمی |
||
| 880 |
_6260-03\(3\r _aکراچی: _bیونیورسل پبلشرز، _c2003 |
||
| 942 |
_2ddc _cBK |
||